01429nam a2200313Ia 450000500170000000800410001702000150005808200230007310000290009624500880012525000190021330000270023249000380025950400280029765000490032565000520037465000480042670000380047494200120051226400430052433600270056733700330059433800280062704000350065599900150069095201380070595201340084395201380097720220317000811.0160601s2004 ck g 000 0 spa  a958807932204a352.1409861 bR28g1 aRevelo Hurtado, Baudilio10aGuía jurídica del alcalde cBaudilio Revelo Hurtado, Ana Cecilia León Calero a1a. edición  a337 páginas c24 cm  aColección Textos universitarios aIncluye bibliografías142LEMBaAdministración pública zColombia 142LEMBaAlcaldes xElección popular zColombia 142LEMBaFuncionarios y empleados municipales 1 aLeón Calero, Ana Cecilia954704 2ddccBK aCali bUniversidad Libre de Calic2004 atextobtxt2rdacontent asin mediaciónbn2rdamedia avolumenbnc2rdacarrier aCO-BoRNBPbspaerdacCO-BoRNBP c5097d5097 00102ddc40708GENaMEMAPIRIbMEMAPIRIcGENd2023-07-12l0o352.1409861 R28gpMAP0000384r2023-07-12 00:00:00tEj.1w2023-07-12yBK 00102ddc40708GENaMEURIBEbMEURIBEcGENd2024-07-19l0o352.1409861 R28gpURI00416r2024-07-19 10:56:49tEj.1w2024-07-19yBK 00102lcc40708GENaMEPCONCObMEPCONCOcGENd2026-02-06l0o352.1409861 R28gpPCON00762r2026-02-06 14:17:18tEj.1w2026-02-06yBK